| 000 | 01129cam a2200313 a 4500 | ||
|---|---|---|---|
| 001 | 15326882 | ||
| 005 | 20201128020732.0 | ||
| 008 | 080612s2009 njua 001 0 eng | ||
| 010 | _a 2008025996 | ||
| 015 |
_aGBA893354 _2bnb |
||
| 016 | 7 |
_a014679837 _2Uk |
|
| 020 | _a9780321502728 (hbk. : alk. paper) | ||
| 020 | _a0321502728 (hbk. : alk. paper) | ||
| 035 | _a(OCoLC)ocn227921842 | ||
| 035 | _a(OCoLC)227921842 | ||
| 040 |
_aDLC _cDLC _dYDX _dBTCTA _dBAKER _dYDXCP _dUKM _dBWX _dIXA _dVP@ _dDLC |
||
| 050 | 0 | 0 |
_aQA76.76.O63 _bS35654 2009 |
| 082 | 0 | 0 |
_222 _a005.4476 _bSAV |
| 100 | 1 |
_aSavill, John, _d1975- _93048 |
|
| 245 | 1 | 4 |
_aThe complete guide to Windows server 2008 / _cJohn Savill. |
| 260 |
_aUpper Saddle River, NJ : _bAddison-Wesley, _cc2009. |
||
| 300 |
_axxix, 1718 p. : _bill. ; _c24 cm. |
||
| 490 | 0 | _aAddison-Wesley Microsoft technology series | |
| 500 | _aIncludes index. | ||
| 630 | 0 | 0 |
_aMicrosoft Windows server. _93049 |
| 650 | 0 |
_aOperating systems (Computers) _93050 |
|
| 942 |
_2ddc _cBB |
||
| 999 |
_c11162 _d11162 |
||